[Event "TCh-CZE Extraliga 2005-6"]
[Site "Czech Rep CZE"]
[Date "2006.01.14"]
[Round "7"]
[White "Shvartz,M"]
[Black "Vokac,M"]
[Result "1/2-1/2"]
[WhiteElo "2492"]
[BlackElo "2449"]

1.e4 c5 2.Nf3 Nc6 3.d4 cxd4 4.Nxd4 Qb6 5.Nb3 Nf6 6.Nc3 e6 7.Bd3 Be7 8.O-O d6
9.Kh1 Qc7 10.f4 a6 11.Qe2 b5 12.Bd2 b4 13.Nd1 O-O 14.Nf2 a5 15.c3 a4 16.Nd4 bxc3
17.Nb5 Qb8 18.bxc3 e5 19.f5 Bb7 20.Rab1 Qc8 21.Ng4 Qd7 22.Nxf6+ Bxf6 23.Nxd6 Qxd6
24.Rxb7 Rfd8 25.Rf3 Rab8 26.Rxb8 Rxb8 27.Bc1 h6 28.Qc2 Bg5 29.Bxg5 hxg5 30.Qxa4 g4
31.Rg3 Rb2 32.h3 Rd2 33.Qa8+ Nd8 34.Qd5 Rd1+ 35.Kh2 Qb6 36.Rxg4 Qg1+ 37.Kg3 Qe3+
38.Kh2 Qg1+ 39.Kg3 Qe3+ 40.Kh2  1/2-1/2

[Event "Open A"]
[Site "Prague CZE"]
[Date "2006.01.15"]
[Round "3"]
[White "Pavelka,J"]
[Black "Nemcova,Kat"]
[Result "0-1"]
[WhiteElo "2216"]
[BlackElo "2126"]

1.e4 c5 2.Nf3 Nc6 3.d4 cxd4 4.Nxd4 Qc7 5.c4 Qe5 6.Be3 Qxe4 7.Nc3 Qe5 8.Nf3 Qb8
9.Qd2 g6 10.Bf4 d6 11.O-O-O Bg4 12.Be2 Qc8 13.Rhe1 Bg7 14.c5 Nf6 15.cxd6 O-O
16.Kb1 Rd8 17.h3 Bf5+ 18.Ka1 exd6 19.g4 Bd7 20.Bh6 d5 21.Bxg7 Kxg7 22.Qg5 h6
23.Qf4 Be6 24.Bd3 d4 25.Nb5 Nb4 26.Bb1 Qc4 27.Nbxd4 Nc2+  0-1

[Event "Jovenes Promesas"]
[Site "Malaga ESP"]
[Date "2006.01.19"]
[Round "3"]
[White "Naranjo Moreno,A"]
[Black "Cruz Condori,A"]
[Result "1/2-1/2"]
[WhiteElo "2132"]
[BlackElo "2254"]

1.e4 c5 2.Nf3 Nc6 3.d4 cxd4 4.Nxd4 Qc7 5.Be3 e6 6.Bd3 a6 7.O-O Nf6 8.Nc3 Nxd4
9.Bxd4 Bc5 10.Bxc5 Qxc5 11.Kh1 b5 12.a3 Bb7 13.Qe2 d6 14.Rae1 O-O 15.f4 e5
16.fxe5 Qxe5 17.Rf5 Qe6 18.e5 dxe5 19.Rxe5 Qb6 20.Ne4 Nxe4 21.Bxe4 Bxe4 22.Rxe4 Rac8
23.Re7 Qc5 24.c3 h6 25.Qf3 Rcd8 26.h3 Rd2 27.R7e2 Rxe2  1/2-1/2

[Event "Open"]
[Site "Zagreb CRO"]
[Date "2006.01.19"]
[Round "6"]
[White "Jurkovic,A"]
[Black "Kozul,Z"]
[Result "0-1"]
[WhiteElo "2339"]
[BlackElo "2576"]

1.e4 c5 2.Nf3 Nc6 3.d4 cxd4 4.Nxd4 Qb6 5.Nb3 Nf6 6.Nc3 e6 7.Be3 Qc7 8.Qd2 a6
9.O-O-O d6 10.f4 Be7 11.Be2 b5 12.Bf3 Bb7 13.g4 Rc8 14.Kb1 Na5 15.Nxa5 Qxa5
16.g5 Nd7 17.Bd4 b4 18.Ne2 e5 19.fxe5 dxe5 20.Be3 Rd8 21.Ng3 g6 22.h4 Nc5
23.Qh2 Rxd1+ 24.Rxd1 Qc7 25.h5 Rf8 26.Bg4 Bc8 27.Bxc8 Qxc8 28.Qd2 Ne6 29.Qd5 f6
30.gxf6 Rxf6 31.hxg6 hxg6 32.Ne2 Rf3 33.Bh6 Rf2 34.Qd3 Qd8 35.Nc1 g5 36.Qxd8+ Bxd8
37.Nd3 Rh2 38.Bxg5 Nxg5 39.Nxe5 Be7 40.Nc6 Re2 41.e5 Nf3  0-1

[Event "TCh-HUN 2005-6"]
[Site "Hungary HUN"]
[Date "2006.01.22"]
[Round "6"]
[White "Ruck,T"]
[Black "Gyorkos,L"]
[Result "0-1"]
[WhiteElo "2297"]
[BlackElo "2389"]

1.e4 c5 2.Nf3 Nc6 3.d4 cxd4 4.Nxd4 Qc7 5.Nc3 e6 6.Be3 a6 7.Qd2 Bb4 8.a3 Qa5
9.Nb3 Bxc3 10.bxc3 Qc7 11.c4 Nge7 12.c5 f5 13.Bd3 O-O 14.f4 fxe4 15.Bxe4 Nf5
16.Bxf5 Rxf5 17.c4 Rf7 18.O-O Ne7 19.Rad1 Nf5 20.Bf2 h5 21.Qe2 h4 22.Qe4 Qc6
23.Qxc6 bxc6 24.Na5 Kh7 25.Rb1 Kh6 26.g4 hxg3 27.hxg3 Kh5 28.Kg2 g5 29.Rh1+ Kg4
30.fxg5 Kxg5 31.Rh8 e5 32.Rg8+ Rg7 33.Rxg7+ Nxg7 34.Kf3 d5 35.cxd6 Bg4+ 36.Kg2 Rf8
37.Be3+ Kg6 38.Bb6  0-1

[Event "IM"]
[Site "Marianske Lazne CZE"]
[Date "2006.01.22"]
[Round "2"]
[White "Poulsen,I"]
[Black "Plischki,S"]
[Result "0-1"]
[WhiteElo "2196"]
[BlackElo "2381"]

1.e4 c5 2.Nf3 Nc6 3.d4 cxd4 4.Nxd4 Qb6 5.Nb3 Nf6 6.Nc3 e6 7.Be3 Qc7 8.a3 a6
9.Qd2 d6 10.f3 Be7 11.Qf2 b5 12.Bd3 O-O 13.O-O Rb8 14.Rfd1 Ne5 15.Nd4 Bd7
16.Nce2 Rfc8 17.c3 a5 18.Rac1 d5 19.exd5 Nxd5 20.Kh1 Bc5 21.Be4 Nxe3 22.Qxe3 Nc4
23.Qd3 Nxb2 24.Bxh7+ Kf8 25.Qe4 Nxd1 26.Rxd1 Rb6 27.Nf4 Bxa3 28.h4 Be7 29.h5 Bg5
30.Nh3 Bf6 31.Ne2 b4 32.cxb4 Rxb4 33.Qd3 Bb5 34.Qe3 Bxe2 35.Qxe2 Rb2 36.Qa6 Rd8
37.Re1 Qg3 38.Rg1 Qe5 39.Be4 Qxh5 40.Ra1 Rxg2 41.Kxg2 Bxa1 42.Qc6 Bf6  0-1

[Event "IM"]
[Site "Marianske Lazne CZE"]
[Date "2006.01.24"]
[Round "5"]
[White "Weinwurm,W"]
[Black "Plischki,S"]
[Result "0-1"]
[WhiteElo "2206"]
[BlackElo "2381"]

1.e4 c5 2.Nf3 Nc6 3.d4 cxd4 4.Nxd4 Qb6 5.Nb3 Nf6 6.Nc3 e6 7.Be3 Qc7 8.Bd3 a6
9.f4 d6 10.Qf3 Be7 11.O-O O-O 12.Rae1 Nd7 13.Qh3 Nb4 14.Rc1 b6 15.Be2 Re8
16.a3 Nc6 17.Bd3 g6 18.g4 Bf8 19.f5 Nce5 20.f6 Qd8 21.g5 Bb7 22.Qg3 Rc8 23.Rcd1 Qc7
24.h4 d5 25.Bf4 Bxa3 26.h5 Bxb2 27.hxg6 Qxc3 28.Qh3 Nxg6 29.Bd6 Qc6 30.e5 d4
31.Rde1 Kh8 32.Be4 Qxe4 33.Rxe4 Bxe4 34.Rf2 Rxc2 35.Nd2 Bf5 36.Rxf5 exf5
37.Qh6 Rg8 38.e6 fxe6 39.Nf3 d3  0-1

[Event "Winter Open"]
[Site "Belgrade SCG"]
[Date "2006.01.27"]
[Round "7"]
[White "Damjanovic,L"]
[Black "Zivkovic,Veli"]
[Result "1-0"]
[WhiteElo "2116"]
[BlackElo "2004"]

1.e4 c5 2.Nf3 Nc6 3.d4 cxd4 4.Nxd4 Qc7 5.Nc3 e6 6.Be3 a6 7.Bd3 Nf6 8.O-O Be7
9.h3 d6 10.Kh1 Bd7 11.Nb3 b5 12.f4 Rc8 13.a4 b4 14.Ne2 a5 15.Nbd4 Nxd4 16.Nxd4 h5
17.Qe2 h4 18.Qf2 Nh5 19.Rfe1 Ng3+ 20.Kh2 Qb7 21.Qf3 g6 22.Nb5 Kf8 23.Nd4 Bf6
24.e5 Qxf3 25.Nxf3 dxe5 26.fxe5 Bg7 27.Bb6 Ra8 28.Bb5 Be8 29.c4 bxc3 30.bxc3 Bh6
31.Rad1 Bf4 32.Kg1 Bxb5 33.axb5 Nf5 34.Rd3 Kg7 35.Bc7 a4 36.b6 a3 37.Nd4 Nxd4
38.cxd4 a2 39.Ra1 Bc1 40.Rb3  1-0

[Event "11th HIT Open A"]
[Site "Nova Gorica SLO"]
[Date "2006.01.27"]
[Round "2"]
[White "Borisek,J"]
[Black "Kozul,Z"]
[Result "0-1"]
[WhiteElo "2514"]
[BlackElo "2600"]

1.e4 c5 2.Nf3 Nc6 3.d4 cxd4 4.Nxd4 Qb6 5.Nb3 Nf6 6.Nc3 e6 7.Bd3 Be7 8.Be3 Qc7
9.f4 d6 10.Qf3 a6 11.O-O-O b5 12.g4 Nd7 13.g5 Nb4 14.Kb1 Nxd3 15.cxd3 b4
16.Ne2 a5 17.Rc1 Qb7 18.Ng3 g6 19.h4 a4 20.Nd2 Qa6 21.Nc4 Bb7 22.Bd4 Rf8
23.Rhe1 Rc8 24.Qd1 Nc5 25.f5 Rg8 26.f6 Bf8 27.Qe2 Nb3 28.axb3 axb3 29.Na3 bxa3
30.bxa3 Rxc1+ 31.Rxc1 d5 32.Bb2 Kd7 33.exd5 Bxd5 34.Ne4 Bxa3 35.Bxa3 Qxa3
36.Nc5+ Kd8 37.Qb2 Qa2+ 38.Qxa2 bxa2+ 39.Ka1 e5 40.Na4 Be6 41.Nc5 Bd5 42.Na4 h6
43.Nb6 Be6 44.Nc4 Bxc4 45.dxc4 Kd7 46.Kxa2 hxg5 47.hxg5 Rh8 48.Kb3 Rh3+ 49.Rc3 Rh1
50.Kb4 Rg1 51.Kc5 Ke6 52.Kb6 Rb1+ 53.Kc7 Kf5 54.Kd6 Kxg5 55.c5 Kxf6 56.Rf3+ Kg7
57.Kxe5 Rc1 58.Kd6 g5 59.c6 Kg6 60.c7 g4 61.Rf1 Rc3 62.Kd7 f5 63.c8=Q Rxc8
64.Kxc8 Kg5 65.Kd7 g3 66.Ke6 f4 67.Ke5 g2 68.Rg1 f3 69.Ke4 Kg4 70.Ke3 Kg3  0-1

[Event "1st ONGC Cup"]
[Site "Hyderabad IND"]
[Date "2006.02.27"]
[Round "3"]
[White "Matta,V"]
[Black "Sengupta,D"]
[Result "0-1"]
[WhiteElo "2193"]
[BlackElo "2393"]

1.e4 c5 2.Nf3 Nc6 3.d4 cxd4 4.Nxd4 Qb6 5.Nb3 Nf6 6.Nc3 e6 7.Be3 Qc7 8.Bd3 a6
9.O-O Be7 10.Na4 d6 11.c4 Nd7 12.f4 O-O 13.Rc1 Re8 14.Kh1 Bf8 15.Rf3 g6 16.Rh3 Bg7
17.Qe1 Rb8 18.Qh4 Nf8 19.Bb6 Qd7 20.Nc3 Ne7 21.c5 dxc5 22.e5 c4 23.Bxc4 Qc6
24.Qf2 Nd7 25.Bc5 Nxc5 26.Qxc5 Bd7 27.Qb4 Rbc8 28.Bf1 Nf5 29.Na5 Qc7 30.Rd1 Bc6
31.Nxc6 Qxc6 32.Ne4 Red8 33.Bd3 Rd4 34.Qe1 Rcd8 35.Rc1 Qb6 36.Qe2 h5 37.Bb1 Qxb2  0-1

[Event "2nd ch-SCG"]
[Site "Pancevo SCG"]
[Date "2006.02.27"]
[Round "1"]
[White "Vuckovic,Bo"]
[Black "Miladinovic,I"]
[Result "1-0"]
[WhiteElo "2506"]
[BlackElo "2607"]

1.e4 c5 2.Nf3 Nc6 3.d4 cxd4 4.Nxd4 Qc7 5.Nc3 e6 6.Be3 a6 7.Qd2 Nf6 8.O-O-O Bb4
9.f3 b5 10.Bf4 Ne5 11.Kb1 Be7 12.Ndxb5 axb5 13.Nxb5 Qb8 14.Qc3 d6 15.Bxe5 dxe5
16.Nc7+ Kf8 17.Nxa8 Qxa8 18.Qxe5 h5 19.Bb5 Qb7 20.Rd3 h4 21.Rhd1 Kg8 22.a4 Rh5
23.Qd4 e5 24.Qc3 Be6 25.Bc4 Qa7 26.Bxe6 fxe6 27.Qc6 Kf7 28.Rb3 Rg5 29.Rb7 Qf2
30.Rxe7+ Kxe7 31.Qc7+ Kf8 32.Rd8+ Ne8 33.Qc6  1-0

[Event "2nd ch-SCG"]
[Site "Pancevo SCG"]
[Date "2006.03.01"]
[Round "3"]
[White "Krivokapic,M"]
[Black "Perunovic,Mil"]
[Result "0-1"]
[WhiteElo "2352"]
[BlackElo "2508"]

1.e4 c5 2.Nf3 Nc6 3.d4 cxd4 4.Nxd4 Qc7 5.Nb5 Qb8 6.c4 Nf6 7.N5c3 b6 8.Be3 Bb7
9.Be2 e6 10.f4 e5 11.O-O Bc5 12.Bxc5 bxc5 13.f5 Nd4 14.Bd3 Bc6 15.Qc1 Bxe4
16.Nxe4 Nxe4 17.Nc3 Nf6 18.Qg5 O-O 19.Rae1 Qxb2 20.Ne4 Qb6 21.Re3 h6 22.Qh4 Rab8
23.Rg3 Nxe4 24.Qxe4 Qf6 25.Qd5 Kh8 26.Qxc5 Qb6 27.Qxb6 Rxb6 28.Re3 Re8 29.Be4 Ra6
30.a3 Rb8 31.Rd1 Kg8 32.Bd5 d6 33.c5 Ra5 34.Rc1 Rc8  0-1

[Event "ch-EST"]
[Site "Tallinn EST"]
[Date "2006.03.07"]
[Round "4"]
[White "Vovk,I"]
[Black "Seeman,T"]
[Result "0-1"]
[WhiteElo "2196"]
[BlackElo "2422"]

1.e4 c5 2.Nf3 Nc6 3.d4 cxd4 4.Nxd4 Qb6 5.Nb3 Nf6 6.Nc3 e6 7.Be3 Qc7 8.a3 a6
9.g4 h6 10.Qe2 Bd6 11.O-O-O Be5 12.Na4 b5 13.Nac5 Bf4 14.f3 Bxe3+ 15.Qxe3 d6
16.Nd3 e5 17.g5 hxg5 18.Qxg5 Be6 19.Ndc5 dxc5 20.Nxc5 Nd4 21.Rxd4 Qxc5 22.Rd2 Ke7
23.f4 Qe3 24.Bd3 Qxf4 25.Qg1 Nd7 26.Qe1 Rh3 27.Kb1 Qe3 28.Re2 Qc5 29.Qa5 Qb6
30.Qb4+ Qd6 31.Qa5  0-1

[Event "Victor Ciocaltea Mem"]
[Site "Bucharest ROM"]
[Date "2006.03.08"]
[Round "1"]
[White "Pap,M"]
[Black "Chirila,I"]
[Result "1-0"]
[WhiteElo "2402"]
[BlackElo "2339"]

1.e4 c5 2.Nf3 Nc6 3.d4 cxd4 4.Nxd4 Qb6 5.Nb3 Nf6 6.Nc3 e6 7.Bd3 a6 8.O-O Be7
9.a4 Qc7 10.a5 Bb4 11.Bd2 Bxa5 12.Nxa5 Nxa5 13.Nd5 exd5 14.Bxa5 b6 15.Bc3 Bb7
16.Bxf6 gxf6 17.exd5 Bxd5 18.Re1+ Kd8 19.Qg4 Be6 20.Qh4 Qc5 21.Qxf6+ Kc7
22.Ra3 Qd6 23.Rc3+ Kb7 24.Be4+ Ka7 25.Bxa8 Rxa8 26.Qe5 Qxe5 27.Rxe5 b5 28.Rh5 b4
29.Re3 Kb6 30.c3 b3 31.Re4 Rg8 32.Rb4+ Ka7 33.f3 Rc8 34.Rxh7 a5 35.Ra4 Rxc3
36.Rxa5+ Kb6 37.Ra1 Rc2 38.Rb1 d5 39.Rh8 d4 40.Rd8 Rd2 41.Rc1 Rxb2 42.Rxd4 Rc2
43.Re1 Kc5 44.Rdd1 b2 45.h4 Bf5 46.Kh2 Kc4 47.Re7 Bg6 48.h5 Bd3 49.h6 Bg6
50.Rxf7 Bxf7 51.h7 Rc1 52.h8=Q  1-0

[Event "ch-LAT"]
[Site "Riga LAT"]
[Date "2006.03.08"]
[Round "11"]
[White "Neiksans,A"]
[Black "Tronenkovs,V"]
[Result "1-0"]
[WhiteElo "2456"]
[BlackElo "2261"]

1.e4 c5 2.Nf3 Nc6 3.d4 cxd4 4.Nxd4 Qb6 5.Nb3 Nf6 6.Nc3 e6 7.Be3 Qc7 8.Bd3 Be7
9.f4 d6 10.Qf3 a6 11.O-O O-O 12.Rae1 b5 13.e5 dxe5 14.fxe5 Nd7 15.Bf4 Bb7
16.Qg3 g6 17.Kh1 Rfe8 18.Ne4 Ncxe5 19.Ng5 f6 20.Nxh7 g5 21.Nxg5 fxg5 22.Bxg5  1-0

[Event "Sozina Open"]
[Site "Bar SCG"]
[Date "2006.03.21"]
[Round "4"]
[White "Nikolov,M"]
[Black "Miladinovic,I"]
[Result "1/2-1/2"]
[WhiteElo "2446"]
[BlackElo "2607"]

1.e4 c5 2.Nf3 Nc6 3.d4 cxd4 4.Nxd4 Qc7 5.Nc3 e6 6.Be2 a6 7.O-O Nf6 8.Be3 Bb4
9.Na4 Be7 10.Nxc6 bxc6 11.Nb6 Rb8 12.Nxc8 Qxc8 13.Bd4 Qc7 14.e5 Nd5 15.c4 Nf4
16.g3 c5 17.Bc3 Nh3+ 18.Kg2 Ng5 19.Qd3 Qb7+ 20.Bf3 Nxf3 21.Qxf3 Qxf3+ 22.Kxf3 d5
23.exd6 Bf6 24.Bxf6 gxf6 25.Rfd1 Kd7 26.b3 h5 27.Rd3 Rb6 28.Kf4 Rg8 29.f3 h4
30.g4 a5 31.h3 Rxd6 32.Rad1 Rxd3 33.Rxd3+ Ke7 34.Ke4 Ra8 35.a4 Rg8 36.f4 f5+
37.gxf5 Rg1 38.fxe6 fxe6  1/2-1/2

[Event "Sozina Open"]
[Site "Bar SCG"]
[Date "2006.03.23"]
[Round "6"]
[White "Miljanic,B"]
[Black "Miladinovic,I"]
[Result "0-1"]
[WhiteElo "2447"]
[BlackElo "2607"]

1.e4 c5 2.Nf3 Nc6 3.d4 cxd4 4.Nxd4 Qc7 5.Nc3 e6 6.Be2 a6 7.O-O Nf6 8.Kh1 Bb4
9.Qd3 Nxd4 10.Qxd4 Bc5 11.Qd3 b5 12.Bg5 b4 13.Na4 Ba7 14.f4 Bb7 15.Bf3 Bc6
16.c4 e5 17.b3 h6 18.Bh4 exf4 19.e5 Nh7 20.Bd5 O-O 21.Be7 Bxd5 22.Qxd5 Rfe8
23.Rxf4 Rxe7 24.Qxa8+ Bb8 25.Raf1 Rxe5 26.g3 Nf6 27.Qxa6 Ra5 28.Qb6 Qxb6
29.Nxb6 Bxf4 30.Rxf4 Rxa2 31.c5 Rc2 32.Na4 Nd5 33.Rd4 Ne3 34.h3 Nf5 35.Rd3 g5
36.g4 Nh4 37.Rxd7 Nf3  0-1

[Event "Sozina Open"]
[Site "Bar SCG"]
[Date "2006.03.25"]
[Round "8"]
[White "Kalezic,B"]
[Black "Miladinovic,I"]
[Result "0-1"]
[WhiteElo "2435"]
[BlackElo "2607"]

1.e4 c5 2.Nf3 Nc6 3.d4 cxd4 4.Nxd4 Qc7 5.Nc3 e6 6.Be2 a6 7.O-O Nf6 8.Kh1 Bb4
9.Nxc6 bxc6 10.Qd4 c5 11.Qe3 Bb7 12.e5 Bxc3 13.bxc3 Nd5 14.Qg3 Ne7 15.f4 h5
16.Bf3 Nf5 17.Qf2 h4 18.Kg1 Bxf3 19.Qxf3 Rb8 20.Be3 O-O 21.Bf2 f6 22.Qe4 Rb2
23.Rfd1 c4 24.a4 Qb7 25.Qxb7 Rxb7 26.Rab1 Rfb8 27.Rxb7 Rxb7 28.g4 hxg3 29.hxg3 fxe5
30.fxe5 Kf7 31.Kg2 Ke8 32.g4 Ne7 33.Rd4 Rb2 34.Rxc4 Nc6 35.Bd4 Rxc2+ 36.Kf3 Nxd4+
37.Rxd4 Rxc3+ 38.Ke2 g5 39.Kd2 Ra3 40.Rc4 Ke7 41.Rd4 Rf3 42.Rd6 a5 43.Ra6 Rf4
44.Rxa5 Rxg4 45.Ke3 Rg3+ 46.Ke2 Ra3 47.Ra7 g4 48.a5 g3 49.a6 Ra2+ 50.Kf1 Rf2+
51.Kg1 Re2 52.Ra8 Rxe5 53.Kg2 Re3 54.Kh3 Ra3 55.Kg2 Kd6 56.Kh3 e5 57.Kg2 Kc7
58.Kh3 e4 59.Kg2 Kc6 60.Kh3 d6 61.Kg2 Kd5 62.Kh3 Kd4 63.Kg2 d5 64.a7 Ke3
65.Kxg3 d4  0-1

[Event "22nd Spring Festival Open"]
[Site "Budapest HUN"]
[Date "2006.03.25"]
[Round "3"]
[White "Szamoskozi,G"]
[Black "Szirmai,Ed"]
[Result "1-0"]
[WhiteElo "2245"]
[BlackElo "2139"]

1.e4 c5 2.Nf3 Nc6 3.d4 cxd4 4.Nxd4 Qc7 5.Nc3 Nf6 6.Be2 e6 7.Be3 a6 8.O-O b5
9.Nxc6 dxc6 10.Bf3 e5 11.Bg5 Be7 12.a4 b4 13.Nb1 O-O 14.Nd2 Rd8 15.a5 Be6
16.Qe2 Ne8 17.Be3 c5 18.Nc4 Bxc4 19.Qxc4 Qc6 20.c3 bxc3 21.Qxc3 Bd6 22.b4 c4
23.Rfc1 Rdc8 24.Bg4 Rcb8 25.Bb6 Nf6 26.Be2 Rc8 27.Qxc4 Qxc4 28.Rxc4 Rxc4
29.Bxc4 Bxb4 30.Rb1 Ba3 31.f3 Kf8 32.Rb3 Bd6 33.Rd3 Bb4 34.g4 g5 35.Rd8+ Rxd8
36.Bxd8 Nd7 37.Bxa6 Nc5 38.Bc8 Ke8 39.Bxg5 Bxa5 40.Bf5 Ne6 41.Bxe6 fxe6 42.Kg2 Kf7
43.Bc1 Bc3 44.h4 Kg7 45.h5 Bd4 46.Kf1 Bc3 47.Ke2 Bd4 48.Kd3 Bf2 49.Kc4 Bh4
50.Kc5 Bf2+ 51.Kc6 Kf7 52.Kd7 Bc5 53.Kc6 Bf2 54.Kd6 Bd4 55.Bg5 Bc3 56.Bd8 Bd4
57.g5 Bc3 58.Bf6 h6 59.Bd8 hxg5 60.Bxg5 Bb2 61.h6 Kg6 62.Kxe6  1-0

[Event "TCh-BEL 2005-6"]
[Site "Belgium BEL"]
[Date "2006.03.26"]
[Round "11"]
[White "Saltaev,M"]
[Black "Kritz,L"]
[Result "0-1"]
[WhiteElo "2500"]
[BlackElo "2561"]

1.e4 c5 2.Nf3 Nc6 3.d4 cxd4 4.Nxd4 Qb6 5.Nb3 Nf6 6.Nc3 e6 7.Bd3 a6 8.O-O d6
9.Kh1 g6 10.f4 Bg7 11.Qe1 O-O 12.Qh4 Nb4 13.Bd2 Qd8 14.Rf3 Nd7 15.Qf2 b5
16.a4 bxa4 17.Rxa4 Rb8 18.Nd1 Nxd3 19.Rxd3 Rxb3 20.Rxb3 Nc5 21.Raa3 Nxb3
22.Rxb3 f5 23.exf5 Rxf5 24.Qe2 Qc7 25.Nc3 Rc5 26.h3 Rc4 27.Qd3 d5 28.Ne2 Bd7
29.Bc3 Ba4 30.Ra3 Bb5 31.Bxg7 Rxc2 32.Qd4 Qxg7 33.Qxg7+ Kxg7 34.Nd4 Rc1+
35.Kh2 Kf6 36.Re3 Bd7 37.g4 Rc4 38.Rd3 g5 39.b3 Rb4 40.fxg5+ Kxg5 41.Kg3 Kf6
42.Nc2 Rb8 43.h4 Rc8 44.Rf3+ Ke5 45.Nb4 a5 46.Nd3+ Kd4 47.Nf4 Ke5 48.g5 d4
49.Nd3+ Kd6 50.Nf2 e5 51.h5 Be6 52.Rf6 Kd5 53.h6 Rc3+ 54.Kh4 Rc7 55.g6 hxg6
56.Kg5 Bf5 57.Ra6 d3 58.Rxa5+ Kd4 59.b4 e4 60.b5 e3 61.Ra4+ Kc5 62.b6 exf2
63.bxc7 f1=Q 64.h7 Qg1+ 65.Kf6 Qh2 66.Ra5+ Kb6 67.Rxf5 Kxc7 68.Kxg6 d2 69.Rd5 Qg2+
70.Rg5 Qc6+ 71.Kg7 d1=Q  0-1

[Event "22nd Spring Festival Open"]
[Site "Budapest HUN"]
[Date "2006.03.29"]
[Round "7"]
[White "Bacso,G"]
[Black "Metaxasz,V"]
[Result "1/2-1/2"]
[WhiteElo "2200"]
[BlackElo "2106"]

1.e4 c5 2.Nf3 Nc6 3.d4 cxd4 4.Nxd4 Qb6 5.Nb3 Nf6 6.Nc3 e6 7.Be3 Qc7 8.a3 a6
9.f4 d6 10.Bd3 b5 11.O-O Rb8 12.Qf3 b4 13.Ne2 bxa3 14.bxa3 Be7 15.Ng3 O-O
16.Nh5 g6 17.Nxf6+ Bxf6 18.Rad1 Na5  1/2-1/2

[Event "FSIM April"]
[Site "Budapest HUN"]
[Date "2006.04.07"]
[Round "7"]
[White "Sanchez,Lo"]
[Black "Kaposztas,M"]
[Result "1/2-1/2"]
[WhiteElo "2284"]
[BlackElo "2278"]

1.e4 c5 2.Nf3 Nc6 3.d4 cxd4 4.Nxd4 Qc7 5.Nc3 Nf6 6.Be3 a6 7.Be2 e6 8.O-O Be7
9.f4 d6 10.Qe1 O-O 11.Qg3 Bd7 12.Rae1 Nxd4 13.Bxd4 Bc6 14.Bd3 b5 15.e5 Ne8
16.f5 dxe5 17.Bxe5 Qa7+ 18.Kh1 exf5 19.Rxf5 g6 20.Rh5 Bf6 21.Ne4 Bxe4 22.Rxe4 Qb6
23.Qh3  1/2-1/2

[Event "TCh-HUN 2005-6"]
[Site "Hungary HUN"]
[Date "2006.04.23"]
[Round "11"]
[White "Szabo,Kr1"]
[Black "Gara,A"]
[Result "1-0"]
[WhiteElo "2469"]
[BlackElo "2367"]

1.e4 c5 2.Nf3 Nc6 3.d4 cxd4 4.Nxd4 Qb6 5.Nb3 Nf6 6.Nc3 e6 7.Qe2 Bb4 8.Bd2 e5
9.O-O-O O-O 10.a3 Bxc3 11.Bxc3 Ne8 12.Nd2 Qc7 13.Nc4 b5 14.Ne3 Rb8 15.Nd5 Qb7
16.f4 d6 17.f5 a5 18.b4 axb4 19.axb4 Nc7 20.Nxc7 Qxc7 21.Qd2 Qa7 22.Bb2 Rd8
23.h4 Qa4 24.Rh3 Nxb4 25.Ra3 Na2+ 26.Kb1 Qxe4 27.Bd3 Qxh4 28.Rxa2 e4 29.Bxe4 Qxe4
30.Qg5 f6 31.Bxf6 Rd7 32.Bxg7 Rxg7 33.Qd8+ Kf7 34.Qc7+ Qe7 35.Qxb8 Bxf5 36.Ra7 Bd7
37.Qxd6  1-0

[Event "TCh-NED 2005-6"]
[Site "Netherlands NED"]
[Date "2006.04.23"]
[Round "9"]
[White "Cheparinov,I"]
[Black "Middelburg,T"]
[Result "1-0"]
[WhiteElo "2625"]
[BlackElo "2413"]

1.e4 c5 2.Nf3 Nc6 3.d4 cxd4 4.Nxd4 Qc7 5.Nc3 e6 6.Be3 a6 7.Qd2 Nf6 8.O-O-O Bb4
9.f3 Ne5 10.Nb3 b5 11.Bd4 Be7 12.Kb1 d6 13.Qf2 O-O 14.g4 Nfd7 15.Rg1 b4 16.Na4 Qc6
17.Nb6 Nxb6 18.Na5 Qd7 19.Bxb6 Rb8 20.f4 Ng6 21.Nc4 Qc6 22.Ba7 Rb5 23.f5 Ne5
24.Nxe5 Rxe5 25.Bd4 Qxe4 26.Bd3 Qd5 27.Bxe5 Qxe5 28.g5 Rd8 29.f6 Bf8 30.Qb6 Rd7
31.Qc6 Qc5 32.Qxc5 dxc5 33.Be4 Rd4 34.Rxd4 cxd4 35.c3 bxc3 36.bxc3 dxc3 37.Rd1 e5
38.a4  1-0

[Event "2nd Halkidiki Open"]
[Site "Kalithea GRE"]
[Date "2006.04.26"]
[Round "2"]
[White "Renteria,R"]
[Black "Grivas,E"]
[Result "0-1"]
[WhiteElo "2165"]
[BlackElo "2500"]

1.e4 c5 2.Nf3 Nc6 3.d4 cxd4 4.Nxd4 Qb6 5.Nb3 Nf6 6.Nc3 e6 7.Be3 Qc7 8.a3 d6
9.Qd2 a6 10.f3 Be7 11.Qf2 b5 12.g4 O-O 13.O-O-O Rb8 14.g5 Nd7 15.f4 b4 16.axb4 Nxb4
17.f5 Re8 18.g6 hxg6 19.Rg1 Ne5 20.fxg6 fxg6 21.Nd4 Rf8 22.Qg3 Bf6 23.Bg5 Qb6
24.Bxf6 Rxf6 25.b3 Bd7 26.Be2 Rc8 27.Kb2 Qc5 28.Rgf1 Rxf1 29.Bxf1 Rb8 30.Nf3 Nf7
31.Qxg6 Rc8 32.Bc4 Qf2 33.Nd4 Rxc4 34.bxc4 Ne5 35.Qg1 Qf8 36.Qg5 Nxc4+ 37.Kb3 Ne5
38.Rg1 a5 39.h4 g6 40.Kb2 a4 41.h5 a3+ 42.Kxa3 Qb8 43.hxg6 Nxc2+ 44.Ka2 Nxd4
45.Rb1 Qa7+ 46.Kb2 Nd3+  0-1

[Event "XI Ivan Cvitanovic mem"]
[Site "Split CRO"]
[Date "2006.04.29"]
[Round "1"]
[White "Rade,M"]
[Black "Horvath,Cs1"]
[Result "0-1"]
[WhiteElo "2430"]
[BlackElo "2545"]

1.e4 c5 2.Nf3 Nc6 3.d4 cxd4 4.Nxd4 Qb6 5.Nb3 Nf6 6.Nc3 e6 7.Bd3 d6 8.O-O Be7
9.a4 O-O 10.Re1 Bd7 11.Bf4 a6 12.a5 Qc7 13.Be3 Ne5 14.Bb6 Qc8 15.Nd2 Bd8
16.Be3 Bc6 17.Be2 Bc7 18.Bg5 Qd8 19.f4 Ng6 20.Nb3 h6 21.Bxf6 Qxf6 22.g3 Rfd8
23.Bf3 b5 24.Bg2 Rac8 25.Qd2 Bb8 26.Rab1 Ba7+ 27.Kh1 h5 28.Rf1 h4 29.Bf3 Ne7
30.Ne2 e5 31.Nc3 hxg3 32.hxg3 b4 33.fxe5 Qxe5 34.Ne2 Bxe4 35.Nbd4 Nf5 36.c3 Bxb1  0-1

[Event "XI Ivan Cvitanovic mem"]
[Site "Split CRO"]
[Date "2006.05.01"]
[Round "3"]
[White "Rade,M"]
[Black "Plenkovic,Z"]
[Result "1-0"]
[WhiteElo "2430"]
[BlackElo "2278"]

1.e4 c5 2.Nf3 Nc6 3.d4 cxd4 4.Nxd4 Qc7 5.Nc3 e6 6.Be2 a6 7.O-O Nf6 8.Be3 h5
9.f4 b5 10.Nxc6 Qxc6 11.Bf3 Ng4 12.Bd4 d6 13.h3 e5 14.Bf2 Nxf2 15.Rxf2 Qc5
16.Nd5 Be7 17.b4 Qa7 18.Nxe7 Kxe7 19.fxe5 dxe5 20.Bxh5 Rh6 21.Qd5 Be6 22.Qxe5 Rc8
23.c3 Qe3 24.Rd1 Rf6 25.Bf3 Qxc3 26.Qd6+ Ke8 27.e5 Rf4 28.Bh5 g6 29.Rxf4 Qe3+
30.Rf2 gxh5 31.Qd4 Qg3 32.Rc2 Ra8 33.Qe4 Ra7 34.Rd3 Qg5 35.Qc6+ Rd7 36.Rcd2 Qf5
37.Qc8+ Ke7 38.Qc5+ Ke8 39.Rxd7 Bxd7 40.Qd6 Qb1+ 41.Rd1 Qf5 42.Rd5 Kd8 43.e6 Qxe6
44.Qb8+  1-0

[Event "FSIMA May"]
[Site "Budapest HUN"]
[Date "2006.05.06"]
[Round "1"]
[White "Turzo,A"]
[Black "D'Innocente,S"]
[Result "1-0"]
[WhiteElo "2352"]
[BlackElo "2304"]

1.e4 c5 2.Nf3 Nc6 3.d4 cxd4 4.Nxd4 Qb6 5.Nb3 Nf6 6.Bd3 e6 7.O-O Be7 8.c4 d6
9.Nc3 O-O 10.Be3 Qd8 11.f4 b6 12.Qf3 Bb7 13.Rad1 Qc7 14.Qh3 Rad8 15.Bb1 g6
16.f5 exf5 17.exf5 Ne5 18.Bh6 Rfe8 19.Bg5 Nfd7 20.fxg6 hxg6 21.Bxg6 Nxg6
22.Rxf7 Ndf8 23.Rdf1 Qxc4 24.Nd2 Qd4+ 25.Be3 Qh4 26.Qf5 Bc8 27.Rxf8+ Rxf8
28.Qxg6+ Kh8 29.Nce4 Rxf1+ 30.Nxf1  1-0

[Event "President's Cup"]
[Site "Baku AZE"]
[Date "2006.05.07"]
[Round "4"]
[White "Babaev,Ra"]
[Black "Korneev,O"]
[Result "1/2-1/2"]
[WhiteElo "2481"]
[BlackElo "2671"]

1.e4 c5 2.Nf3 Nc6 3.d4 cxd4 4.Nxd4 Qb6 5.Nb3 Nf6 6.Nc3 e6 7.Be3 Qc7 8.Bd3 a6
9.f4 d6 10.Qf3 b5 11.O-O-O Bb7 12.Kb1 Nb4 13.Qh3 h5 14.Rhe1 Be7 15.Bf2 Rc8
16.Nd4 Nxd3 17.cxd3 Qd7 18.Bh4 b4 19.Nce2 g6 20.Qg3 a5 21.Bg5 h4 22.Qf3 a4
23.h3 a3 24.b3 Rc5 25.Qe3 Nh5 26.Bxe7 Qxe7 27.Nc2 O-O 28.Rc1 Rfc8 29.Qd4 e5
30.Qxb4 Ba6 31.Qd2 d5 32.Nb4 Bb7  1/2-1/2

[Event "ch-UKR sf"]
[Site "Alushta UKR"]
[Date "2006.05.16"]
[Round "4"]
[White "Kravtsiv,M"]
[Black "Kononenko,Dmitry1"]
[Result "0-1"]
[WhiteElo "2379"]
[BlackElo "2472"]

1.e4 c5 2.Nf3 Nc6 3.d4 cxd4 4.Nxd4 Qb6 5.Nb3 Nf6 6.Nc3 e6 7.Bd3 Be7 8.O-O d6
9.Be3 Qc7 10.f4 a6 11.Qf3 O-O 12.Rae1 b5 13.e5 Ne8 14.f5 Rb8 15.fxe6 Bxe6
16.exd6 Bxd6 17.Nc5 Ne5 18.Qe4 f5 19.Qd4 Bxc5 20.Qxc5 Nxd3 21.cxd3 Qd7 22.Ne4 Nc7
23.Ng5 Rbc8 24.Qa3 Rfe8 25.Bf4 Nd5 26.Be5 h6 27.Nxe6 Qxe6 28.d4 f4 29.Qb3 Rc4
30.Qd3 Nb4 31.Qd2 Qg6 32.Qxf4 Nd3 33.Qe4 Qxe4 34.Rxe4 Rc2 35.Re3 Nxe5 36.dxe5 Rxb2
37.a3 Re6 38.Rd1 Rg6 39.g3 Re6 40.Rc1 Rd2 41.Rc5 Kh7 42.h3 Kg6 43.Kf1 Rh2
44.Kg1 Rxh3 45.Kg2 Rh5 46.a4 b4 47.Rc4 b3 48.Rg4+ Rg5 49.Rb4 Rexe5 50.Rxe5 Rxe5
51.Rxb3 Kf5 52.Kf3 h5 53.Rb6 Ra5 54.Rb4 Rc5 55.Rf4+ Ke5 56.Rf7 g5 57.Rh7 Rc3+
58.Kg2 Rc2+ 59.Kf3 Rc3+ 60.Kg2 Kf5 61.Rxh5 Kg4 62.Rh6 a5 63.Ra6 Rc2+ 64.Kf1 Kf3
65.Rf6+ Kg4 66.Ra6 Kf3 67.Rf6+ Kxg3 68.Rf5 g4 69.Rxa5 Rf2+ 70.Kg1 Ra2 71.Kf1 Ra1+
72.Ke2 Kg2 73.Ra8 g3 74.a5 Kg1 75.a6 g2 76.a7 Ra6 77.Ke1 Re6+ 78.Kd2 Re7
79.Rh8 Rxa7 80.Ke2 Re7+ 81.Kd2 Re5 82.Rh7 Kf2 83.Rf7+ Kg3 84.Rg7+ Kf3 85.Rg8 Re4  0-1

[Event "ch-UKR sf"]
[Site "Alushta UKR"]
[Date "2006.05.18"]
[Round "6"]
[White "Tarlev,K"]
[Black "Kononenko,Dmitry1"]
[Result "1-0"]
[WhiteElo "2419"]
[BlackElo "2472"]

1.e4 c5 2.Nf3 Nc6 3.d4 cxd4 4.Nxd4 Qb6 5.Nb3 Nf6 6.Nc3 e6 7.g3 Bb4 8.Bg2 d5
9.O-O Bxc3 10.bxc3 O-O 11.exd5 Nxd5 12.c4 Nde7 13.Ba3 Rd8 14.Qh5 Bd7 15.Rab1 Qa6
16.Bxe7 Nxe7 17.Na5 b6 18.Bb7 g6 19.Qg5 f6 20.Qxf6 Qxa5 21.Bxa8 Re8 22.Rbd1 Bc8
23.Rfe1 Qxa2 24.Ra1 Qxc4 25.Rxa7 Qc5 26.Bd5 Qxd5 27.Rxe7 Rxe7 28.Qxe7 Bd7
29.c4 Qd4 30.c5 bxc5 31.Rb1 Bb5 32.Qxe6+  1-0